000 00613nam a2200181Ia 4500
003 GCL
008 140319s9999 xx 000 0 ara d
040 _aGCL /
_cGCL
082 0 4 _aش ف
_b791.43
_bع ا
100 1 _aعبدالهادى طه
245 1 0 _aالى من يهمه الامر(شرائط فيديو) /
_cعبدالهادى طه
260 _aالقاهرة :
_bرينبو للانتاج والتوزيع
300 _a1 شريط ؛
_c1\2 بوصة
650 0 4 _aالافلام العربية
650 0 4 _aالفيديو، أشرطة
650 0 4 _aالافلام الكوميدية
942 _2ddc
_cVM
999 _c4323
_d4323